| 000 | 00777pam a2200253 a 4500 | ||
|---|---|---|---|
| 999 |
_c5667 _d5667 |
||
| 001 | 1790 | ||
| 003 | BD-DhUAP | ||
| 005 | 20201220095018.0 | ||
| 008 | 201220s1992 enka b 001 0 eng | ||
| 020 | _a0262071401 (hc) | ||
| 020 | _a0262570939 (pbk.) | ||
| 040 |
_aDLC _cDLC _dBD-DhUAP _beng |
||
| 082 | 0 | 0 |
_a382 IMP _223 |
| 245 | 0 | 0 |
_aImperfect competition and international trade / _cedited by Gene M. Grossman. |
| 260 |
_aLondon : _bMIT Press, _cc1992. |
||
| 300 |
_ax, 387 pages : _billustrations ; _c27 cm. |
||
| 490 | _aMIT Press readings in economics. | ||
| 504 | _aIncludes bibliographical references and index. | ||
| 650 | 0 | _aInternational trade. | |
| 650 | 0 | _aCompetition, Imperfect. | |
| 650 | 0 | _aOligopolies. | |
| 700 | 1 | _aGrossman, Gene M. | |
| 942 |
_2ddc _cBK |
||